000 01104nam a2200325 4500
001 002536
003 DO-SdBPM
005 20251105121443.0
007 ta
008 160411b1993 sp ||| 00| 0 spa d
020 _a8420447757
040 _aDO-SdBPM
_bspa
_cBPMSU
_erda
082 4 _a823.91
_bC713a 1993
_222
100 1 _aCollinson, Roger,
_d1936-
_eautor
245 1 0 _aA la caza de Lavinia /
_c Roger Collinson ; traducción de Miguel Martínez-Lage ; ilustraciones de John Shelley.
264 _aMadrid :
_bEdiciones Alfaguara,
_c1993
300 _a153 páginas :
_bilustraciones ;
_c21 cm.
336 _atexte
_btxt
_2rdacontent
337 _asin mediación
_bn
_2rdamedia
338 _avolumen
_bnc
_2rdacarrier
490 0 _aInfantil
534 _pTítulo original :
_t Get Lavinia goodbody.
590 _aInventariado, 2025/VM
650 7 _aCuentos infantiles ingleses.
650 7 _aLiteratura infantil inglesa
700 1 _aMartínez-Lage, Miguel,
_etraductor
_d
700 1 _aShelley, John
_bilustración
910 _aVMateo V. Control de calidad. BPMSU
942 _2ddc
_cBK
999 _c9691
_d9691